| 000 | 03153cgm a2200589Ia 4500 | ||
|---|---|---|---|
| 003 | data | ||
| 005 | 20260322212010.0 | ||
| 007 | data | ||
| 008 | data | ||
| 020 | _a078325833X | ||
| 020 | _a9780783258331 | ||
| 024 | 1 | _a025192067723 | |
| 028 | 4 | 2 |
_a20677 _bUniversal |
| 037 |
_bMidwest Tapes _nhttp://midwesttapes.com |
||
| 040 |
_aJED _cJED _dBNO _dJED _dRCS _dBTCTA _dEHH _dOCLCQ _dWAU _dJED _dOCLCA _dBNO |
||
| 041 | 1 |
_afre _afre _heng _geng |
|
| 050 | 1 | 4 |
_aPN1997 _b.H69 2001 |
| 099 | _aDVD 752 | ||
| 130 | 0 | _aHow the Grinch stole Christmas (Motion picture : 2000) | |
| 245 | 1 | 0 |
_aDr. Seuss' how the Grinch stole Christmas _h[DVD] / _cJeffrey Price ... [et al.]. |
| 250 | _aCollector's ed.; widescreen. | ||
| 260 |
_aUniversal City, Calif. : _bUniversal, _c[2001] |
||
| 300 |
_a1 videodisc (105 min.) : _bsd., col. ; _c4 3/4 in. |
||
| 500 | _aBased on the book by Dr. Seuss. | ||
| 500 | _aSpecial features include deleted scenes, outtakes, spotlight on location, Max's Playhouse, music video. | ||
| 500 | _aClosed captioned for the hearing impaired. | ||
| 505 | 0 | _aSpecial features: Anamorphic widescreen (1.85:1) -- The Grinch: Spotlight on location ; deleted scenes ; outtakes ; Who school ; Makeup application and design ; Seussian set decroation ; Visual effects ; Faith Hill "Where are you Christmas?" music viceo ; Wholiday recipes ; By the numbers ; Theatrical trailer ; The Grinch's special offer ; Production notes ; Cast and filmmakers ; Grinch game ; DVS (descriptive video service) -- Max's Playhouse: Sing-along songs ; Read-along "The care and feeding of a Grinch" ; Dress the Grinch ; Rhyme time -- Language: English 5.1 surround ; English DTS 5.1 surround ; French 5.1 surround -- Captioned: English -- DVD-ROM features. | |
| 508 | _aDirector of photography, Donald Peterman ; editors, Daniel P. Hanley, Mike Hill ; music composed by James Horner ; narrator, Anthony Hopkins. | ||
| 511 | 1 | _aJim Carrey, Jeffrey Tambor, Christine Baranski, Molly Shannon, Taylor Momsen, Bill Irwin, Clint Howard. | |
| 520 | _aWhy is the Grinch such a grouch? No one seems to know, until little Cindy Lou Who takes matters into her own hands and turns both Whoville and the Grinch's world upside down, inside out, and funny side up in her search for the true meaning of Christmas. | ||
| 521 | 8 | _aMPAA rating: PG. | |
| 538 | _aDVD, NTSC: Region 1 encoding, Dolby stereo, surround. | ||
| 546 | _aEnglish or French dialogue, optional English or French subtitles. | ||
| 650 | 0 |
_aGrinch (Fictitious character) _vDrama. |
|
| 700 | 1 | _aPrice, Jeffrey. | |
| 700 | 1 | _aSeaman, Peter S. | |
| 700 | 1 |
_aGrazer, Brian, _d1953- |
|
| 700 | 1 |
_aHoward, Ron, _d1954- |
|
| 700 | 1 |
_aCarrey, Jim, _d1962- |
|
| 700 | 1 |
_aTambor, Jeffrey, _d1944- |
|
| 700 | 1 | _aBaranski, Christine. | |
| 700 | 1 |
_aShannon, Molly, _d1964- |
|
| 700 | 1 | _aMomsen, Taylor. | |
| 700 | 1 |
_aIrwin, Bill, _d1950- |
|
| 700 | 1 |
_aHoward, Clint, _d1959- |
|
| 700 | 1 |
_aHopkins, Anthony, _d1937- |
|
| 700 | 1 | _aHorner, James. | |
| 700 | 1 |
_aSeuss, _cDr. _tHow the Grinch stole Christmas. |
|
| 710 | 2 | _aUniversal Pictures (Firm) | |
| 710 | 2 | _aImagine Entertainment (Firm) | |
| 001 | data | ||
| 999 |
_c189 _d189 |
||